000 00859nam a2200217Ii 4500
003 JO-AjNU
008 230605s9999||||xx |||||||||||||| ||und||
017 _a2019/1/434
040 _aJO-AjNU
_bara
_erda
_cJO-AjNU
041 _aara
050 1 4 _aPJ6074. L84 2019
100 3 _aإعداد فريق العمل دليل ابحاث حوسبة اللغة العربية ,
_eauthor
_959284
245 0 0 _aدليل ايحاث حوسبة اللغة العربية، ج2
250 _aط1
264 3 1 _aعمان: فريق العمل دليل ابحاث حوسبة اللغة العربية، 2019
300 _aج2: 606ص
_bيحتوي على ملحق من ص527- 606
336 _atext
_btxt
_2rdacontent
337 _aunmediated
_bn
_2rdamedia
338 _avolume
_bnc
_2rdacarrier
650 4 _aاللغة العربية - الابحاث- الحوسبة
_959285
999 _aA26670
_c30238
_d30238